Reading Literature Today: (Record no. 189316)

MARC details
000 -LEADER
fixed length control field 00745nam a22001937a 4500
005 - DATE AND TIME OF LATEST TRANSACTION
control field 20220927161256.0
010 ## - LCCN (DPL NO)
LC control number B-745712
020 ## - INTERNATIONAL STANDARD BOOK NUMBER
International Standard Book Number 9788132106883
Terms of availability 200.00
037 ## - SOURCE OF ACQUISITION
Source of stock number/acquisition SAGE Publications of India Pvt. Ltd.
082 ## - DEWEY DECIMAL CLASSIFICATION NUMBER
Classification number 801
100 ## - MAIN ENTRY--PERSONAL NAME
Personal name Khair, Tabish
245 ## - TITLE STATEMENT
Title Reading Literature Today:
Statement of responsibility, etc Tabish Khair
Remainder of title Two Complementary Essays and a Conversation/
260 ## - PUBLICATION, DISTRIBUTION, ETC. (IMPRINT)
Place of publication, distribution, etc New Delhi
Name of publisher, distributor, etc SAGE Publications of India Pvt. Ltd.
Date of publication, distribution, etc 2011
270 ## - ADDRESS
Address B1/I-1 Mohan Cooperative Industrial Area Mathura Road
City New Delhi
Postal code 110044
300 ## - PHYSICAL DESCRIPTION
Extent ix,167p.
Dimensions 21.5cm(Pb)
700 ## - ADDED ENTRY--PERSONAL NAME
Personal name Doubinsky, Sebastien
942 ## - ADDED ENTRY ELEMENTS (KOHA)
Source of classification or shelving scheme Dewey Decimal Classification
Item type English Books
Classification part 801
Call number suffix KHA
Holdings
Withdrawn status Lost status Not for loan Collection code Home library Current library Date acquired Source of acquisition Cost, normal purchase price Full call number Barcode Copy number Cost, replacement price Koha item type Public note
      Non-fiction Kadipur Kadipur 27/09/2022 22.9.22/Gift 200.00 801 KHA B-745712 1 200.00 English Books Gift

© Delhi Public Library
Hit Counter
free hit counter